Integrating GIS and the Global Positioning System

Kaydedildi:
Detaylı Bibliyografya
Yazar: Steede-Terry, Karen (Yazar)
Materyal Türü: Kitap
Dil:İngilizce
Baskı/Yayın Bilgisi: Redlands ESRI Press 2000
Edisyon:1a. ed
Konular:
Etiketler: Etiketle
Etiket eklenmemiş, İlk siz ekleyin!

MARC

LEADER 00000nam a2200000 a 4500
001 UCH9361
003 CL-VaPUC
008 091231e20000000us |||||||||||||||||eng|d
020 |a 9781879102811 
082 0 4 |a 623.89  |b STE  |2 21 
100 0 |a Steede-Terry, Karen  |e author  |9 546406 
245 1 0 |a Integrating GIS and the Global Positioning System 
250 |a 1a. ed 
300 |a 95 p 
942 |c BK 
945 |d 20091231 00:00:00  |a dcastane 
260 |a Redlands  |b ESRI Press  |c 2000 
600 0 7 |a GIS GEOGRAPHIC INFORMATION SYSTEM  |2 CL-VaPUC  |9 546407 
600 0 7 |a GPS GLOBAL POSITIONING SYSTEM  |2 CL-VaPUC  |9 546408 
650 7 |a NAVEGACION POR SATELITE  |2 CL-VaPUC  |9 546409 
650 7 |a INSTRUMENTOS DE NAVEGACION  |2 CL-VaPUC  |9 316356 
650 7 |a SATELITES  |2 CL-VaPUC  |9 352279 
650 7 |a SISTEMA DE POSICIONAMIENTO GLOBAL  |2 CL-VaPUC  |9 546410 
583 |a last modification  |c 20171114 11:07:09  |k Rodrigo Vera 
999 |c 339350  |d 339348 
952 |0 0  |1 0  |4 0  |6 623_890000000000000_STE_2000  |7 0  |8 CCM  |9 432954  |a BIBCUR  |b BIBCUR  |d 2019-11-22  |i 4630904  |o 623.89 STE 2000  |p 4630904  |r 2025-04-22  |w 2019-11-22  |y BK  |k CIM